00378nam a22001337a 450000500170000000800410001704100120005808200130007010000120008324500390009526000530013430000320018765000250021920240816094344.0240816b |||||||| |||| 00| 0 eng d aEnglish a349 LAW  lEnglish aThe Law Reports: Probate Division  aLondon: bWilliam Clowes and Sons Ltd, c1879-80 bxviii, 299 pages; c25 cm.  aLegal practice bLaw